[Event "South Carolina op"]
[Site "Greenville"]
[Date "2006.06.23"]
[Round "1"]
[White "Reeve, Charles"]
[Black "Hurley, Timothy"]
[Result "0-1"]
[WhiteElo "2067"]
[BlackElo "1862"]
[PlyCount "60"]
[EventDate "2006.06.23"]
[EventType "swiss"]
[EventRounds "5"]
[EventCountry "USA"]
[SourceTitle "CBM 112 Extra"]
[Source "ChessBase"]
[SourceDate "2006.07.14"]
[SourceVersion "1"]
[SourceVersionDate "2006.07.14"]
[SourceQuality "1"]

1. d4 Nf6 2. Nf3 g6 3. c4 Bg7 4. Nc3 0-0 5. e4 d6 6. Be2 e5 7. d5 Nbd7 8. 0-0 a5 9. Bg5 h6 10. Bxf6 Nxf6 11. h3 Nh5 12. Re1 Nf4 13. Bf1 f5 14. Nd2 Qe8 15. g3 Nh5 16. Kh2 Nf6 17. Qe2 Qf7 18. Bg2 h5 19. Rf1 Bh6 20. Rae1 Qg7 21. f4 h4 22. fxe5 hxg3+ 23. Kxg3 Nh5+ 24. Kh2 Qxe5+ 25. Kg1 Ng3 26. Nf3 Nxe2+ 27. Rxe2 Qg7 28. exf5 Bxf5 29. Rfe1 Rf7 30. Nh4 Qd4+ 0-1